000 00341nam a2200109Ia 4500
008 180205s9999 xx 000 0 und d
020 _a9789712352874
100 _aMontaña, Rizalina Asuncion
245 _cBantilan, Montaña Monica
_aIntoduction to college algebra /
260 _aRecto Avenue
_bREX book store
_c2009
300 _aiii, 87 pages
999 _c354695
_d354695